Languages: Countries from French to English - Statistics

General Stats
  • This quiz has been taken 186 times
  • The average score is 13 of 14
Answer Stats
Country in French And in English % Correct
Espagne Spain
99%
Autriche Austria
98%
Hongrie Hungary
98%
Malte Malta
97%
Arabie saoudite Saudi Arabia
97%
Slovénie Slovenia
97%
Suisse Switzerland
97%
Suède Sweden
96%
Dominique Dominica
95%
Corée du Nord North Korea
93%
Corée du Sud South Korea
92%
Royaume-Uni United Kingdon
87%
Tchéquie Czech Republic
85%
Lettonie Latvia
81%
No matching quizzes found
Score Distribution
Percent of People with Each Score
Percentile by Number Answered
Your Score History
You have not taken this quiz